000 00680nam a2200265Ia 4500
003 OSt
005 20221006145019.0
006 a|||||r|||| 00| 0
007 ta
008 221006b |||||||| |||| 00| 0 eng d
020 _c10.00
024 _a13,508
037 _cTextual
040 _aEASL
_cEASL
_beng
041 _2eng
_aeng
082 _aV498.N5, p2J9
100 _aSTRONG Anna Louise
245 0 _aTibetan interviews
260 _aPeking
_bNew World Press China
_c1959
300 _a209p.
_ccm.
650 _a Gen
650 _aHistory - Tibet
_9653325
942 _hV498.N5, p2J9
_cTEXL
_2CC
999 _c1081594
_d1081594